000 00825nam a2200241Ii 4500
003 JO-AjNU
008 230605s9999||||xx |||||||||||||| ||und||
017 _a2003/13166
020 _a977-01-8655-4
040 _aJO-AjNU
_bara
_erda
_cJO-AjNU
041 _aara
050 1 4 _aDS126.5 2003
100 3 _aتاليف عودة، جهاد,
_eauthor
_938848
245 0 0 _aإسرائيل والعلاقات مع العالم الإسلامي
250 _aطبعة خاصة
264 3 1 _aالقاهرة: وزارة الثقافة، 2003
300 _a154ص
336 _atext
_btxt
_2rdacontent
337 _aunmediated
_bn
_2rdamedia
338 _avolume
_bnc
_2rdacarrier
490 0 _aسلسلة الاعمال الفكرية
650 4 _aاسرائيل - علاقات خارجية- العالم الاسلامي
_938849
999 _aA16357
_c19925
_d19925